| 000 | 00726cam a2200253 4500500 | ||
|---|---|---|---|
| 005 | 20260405003520.0 | ||
| 041 | _afre | ||
| 042 | _adc | ||
| 100 | 1 | 0 |
_aMorel, François _eauthor |
| 245 | 0 | 0 | _aConseil n° 18. Soyons sympas, devenons ministres |
| 260 | _c2022. | ||
| 500 | _a32 | ||
| 690 | _aambition | ||
| 690 | _aFrançois Morel | ||
| 690 | _aGouvernement | ||
| 690 | _aHumour | ||
| 690 | _aManuel Valls | ||
| 690 | _aPouvoir | ||
| 690 | _aRire | ||
| 690 | _atéléphone | ||
| 690 | _aValérie Pécresse | ||
| 786 | 0 | _nPhilosophie magazine | 159 | 5 | 2022-05-01 | p. 77-77 | 1951-1787 | |
| 856 | 4 | 1 | _uhttps://shs.cairn.info/magazine-philosophie-magazine-2022-5-page-77?lang=fr&redirect-ssocas=7080 |
| 999 |
_c2068261 _d2068261 |
||